|
|
|
|
| LEADER |
01304nam a2200265 a 4500 |
| 001 |
1088984 |
| 008 |
091202s1993 nyua b 001 0 eng d |
| 010 |
|
|
|a \\\92035125
|
| 020 |
|
|
|a 0070326398 :
|c $53.00
|
| 040 |
|
|
|a DLC
|c DLC
|d DLC
|
| 082 |
0 |
0 |
|a 332.1/5
|2 20
|
| 100 |
1 |
|
|a Johnson, Hazel J.
|
| 245 |
1 |
0 |
|a Financial institutions and markets :
|b a global perspective /
|c Hazel J. Johnson.
|
| 260 |
|
|
|a New York :
|b McGraw-Hill,
|c c1993.
|
| 300 |
|
|
|a xxi, 560 p. :
|b ill. (some col.) ;
|c 26 cm.
|
| 490 |
0 |
|
|a McGraw-Hill series in finance
|
| 504 |
|
|
|a Includes bibliographical references and index.
|
| 541 |
1 |
|
|e 00007971
|
| 650 |
|
0 |
|a Financial institutions
|z United States.
|
| 650 |
|
0 |
|a Financial institutions, International.
|
| 852 |
4 |
|
|a Ayesha Abed Library
|j General shelf
|
| 999 |
|
|
|c 5860
|d 5860
|
| 952 |
|
|
|0 0
|1 0
|2 ddc
|4 0
|6 332_150000000000000_JOH_1993
|7 0
|9 5842
|a BRACUL
|b BRACUL
|c GEN
|d 2009-12-03
|g 0.00
|l 4
|m 26
|o 332.15 JOH
|p 3010007971
|r 2025-07-17
|s 2025-07-17
|t 1
|w 2009-12-03
|y BK
|x No price found in the accession register.
|
| 952 |
|
|
|0 0
|1 0
|2 ddc
|4 0
|6 332_150000000000000_JOH
|7 0
|9 42982
|a SCL
|b SCL
|c GEN
|d 1999-06-22
|l 0
|o 332.15 JOH
|p 3020002378
|r 2014-07-07
|t 2
|w 2014-07-07
|y BK
|
| 952 |
|
|
|0 0
|1 0
|2 ddc
|4 0
|6 332_150000000000000_JOH
|7 0
|9 42987
|a SCL
|b SCL
|c GEN
|d 2000-12-12
|l 0
|o 332.15 JOH
|p 3020003022
|r 2014-07-07
|t 3
|w 2014-07-07
|y BK
|